Simpson: collegamenti - Statistics

Statistiche generali
  • Questo quiz è stato fatto 173 volte
  • Il punteggio medio è 13 su 20
Statistiche sulle risposte
Hint Risposta % Corretto
Sassofono Lisa
83%
Ciuccio Maggie
82%
Fionda Bart
81%
Bibbia Ned Flanders
81%
Soldi Signor Burns
81%
Ciambella Homer
76%
Sigarette Patty e Selma
75%
Pistola Commissario Winchester
69%
Anni 70' Disco stu
69%
Minifigure Uomo dei fumetti
69%
Inalatore Milhouse
66%
Zuppa di procione Cletus
65%
Ampolla Professor Frink
62%
Hot dog ammuffiti Apu
61%
Sigaro Krusty il clown
59%
Gilè senza maniche Nelson
47%
Medicinali Abe Simpson
45%
Lirica Telespalla Bob
39%
Busta della spesa Marge
38%
Birra Boe
37%
Nessun quiz corrispondente trovato
Distribuzione punteggi
Percentuale di utenti per punteggio
Percentile per numero di risposta
I tuoi punteggi nel tempo
Non hai fatto questo quiz